Country categories 3 - Statistics

General Stats
  • This quiz has been taken 33 times
  • The average score is 32 of 45
Answer Stats
Question Tile Select % Correct
The Countries that hosted the Winter Olympics Yes
96%
The Countries that hosted the Winter Olympics No
88%
The countries with 6 or more land borders No
88%
The countries with 6 or more land borders No
88%
The countries with 6 or more land borders Yes
88%
The Countries that hosted the Winter Olympics No
84%
The Countries that hosted the Winter Olympics No
84%
The Countries that hosted the Winter Olympics Yes
84%
The countries in the WWI Central Powers No
84%
The countries with 6 or more land borders No
84%
The countries with claimed land on Antarctica No
84%
The countries with claimed land on Antarctica Yes
84%
The countries with claimed land on Antarctica No
84%
Of the top 4 smallest countries Yes
84%
Of the top 4 smallest countries No
84%
The countries in the WWI Central Powers Yes
80%
The countries in the WWI Central Powers Yes
80%
The countries in the WWI Central Powers No
80%
The countries with 6 or more land borders Yes
80%
Of the top 4 smallest countries No
80%
The Countries that hosted the Winter Olympics Yes
76%
The countries in the WWI Central Powers No
76%
Of the top 4 smallest countries Yes
76%
The Countries that hosted the Winter Olympics Yes
72%
The countries with 6 or more land borders Yes
72%
The countries with claimed land on Antarctica Yes
72%
The countries with claimed land on Antarctica No
72%
Of the top 4 smallest countries No
72%
The countries in the WWI Central Powers No
68%
The countries with 6 or more land borders No
68%
The countries with claimed land on Antarctica Yes
68%
Of the top 4 smallest countries No
68%
Of the top 4 smallest countries Yes
64%
The countries with 6 or more land borders Yes
60%
Of the top 4 smallest countries No
60%
The Countries that hosted the Winter Olympics No
56%
The countries with claimed land on Antarctica Yes
56%
Of the top 4 smallest countries Yes
56%
The countries in the WWI Central Powers Yes
52%
The countries in the WWI Central Powers Yes
52%
The countries with claimed land on Antarctica No
48%
The countries with 6 or more land borders No
44%
The Countries that hosted the Winter Olympics No
40%
The countries in the WWI Central Powers No
36%
The countries with claimed land on Antarctica No
32%
No matching quizzes found
Score Distribution
Percent of People with Each Score
Percentile by Number Answered
Your Score History
You have not taken this quiz